000 01100cam a22003134a 4500
001 12319078
003 OSt
005 20231104095112.0
008 010222s2001 paua b 001 0 eng c
010 _a 2001024084
020 _a1560534729 (alk. paper)
035 _a(DNLM)101089011
040 _aDNLM/DLC
_cDLC
_dDLC
042 _apcc
050 0 0 _aR737
_b.W79 2001
060 1 0 _aW 21
_bW811s 2001
082 0 0 _aW 18 W753s 2001
_221
100 1 _aWischnitzer, Saul; Wischnitzer, Edith
_92008
245 1 0 _aSurvival Guide for Medical Students
260 _aPhiladelphia;
_bHanley & Belfus,
_cc2001.
300 _av, 266 p. :
_bill. ;
_c23 cm.
504 _aIncludes bibliographical references and index.
650 0 _aMedical instructions
_92009
650 0 _aMedicine
_92010
906 _a7
_bcbc
_corignew
_d1
_eocip
_f20
_gy-gencatlg
942 _2z
_cSLOAN
999 _c756
_d756